000 00794cam a2200241 4500
008 040318n2004 000 0 eng u
020 _a1856045080
035 _a(Sirsi) u125475
041 _aeng
050 _a346.410482
_c18
100 _aCornish, Graham P
245 _aCopyright interpreting the law for libraries archives and information services
250 _a4th ed.
260 _aLondon
_bFacet Publishing
_c2004
300 _axvi, 207p.
_c24cm.
350 _a24.95
520 _aThis book tries to set out the basics of UK copyright law, concentrating on those areas that may affect librarians and archivists in their daily work.
520 _aSupersedes second edition (ISBN 1856041689).
650 _aCOPYRIGHT
650 _aLIBRARIES
690 _aLAW
942 _n0
999 _c103402
_d103402